000 00573nam a2200229Ia 4500
005 20241129120207.0
008 241129s9999||||xx |||||||||||||| ||und||
020 _a9781032028101
037 _aTB
040 _aSDCL
_beng
_cSDCL
041 _aeng
_2eng
084 _aY:496, R4
_qSDCL
100 _aJones Adam
245 0 _aGenocide: A comprehensive introduction
250 _a4th
260 _aLondon
_bRoutledge
_c2024
300 _axxxi,734p.
365 _aGBP
_b44.99
650 _aHistory
942 _cTB
_hY:496, R4
999 _c1233747
_d1233747